| 000 | 00655nam a2200205 a 4500 | ||
|---|---|---|---|
| 001 | 000021122 | ||
| 005 | 20200930011235.0 | ||
| 008 | 100831s1954 ag 000 0 spa d | ||
| 040 |
_aDO-SdBNP _bspa _cBNPHU |
||
| 082 |
_a928.61 _bL864g |
||
| 100 | 1 |
_aGómez de la Serna, Ramón. _941561 |
|
| 245 | 1 | 0 |
_aLope viviente / _cRamón Gómez de la Serna. |
| 260 |
_aBuenos Aires, (Argentina) : _bEspasa-Calpe Argentina, _c1954. |
||
| 300 |
_a147, [10] p. ; _c18 cm. |
||
| 490 | 1 |
_aAustral _v1212 |
|
| 600 | 1 | 4 |
_aVEGA CARPIO, FÉLIX LOPE DE _d1562-1635 _xBIOGRAFÍA _944168 |
| 650 | 4 |
_aLiteratura española _9632 |
|
| 830 | 0 |
_aAustral _v1212 _93065 |
|
| 049 | _aBNGR | ||
| 999 |
_c20624 _d20624 |
||